| 000 | 00712nas a2200277 i 4500 | ||
|---|---|---|---|
| 001 | 888 | ||
| 003 | ES-MaACL | ||
| 005 | 20250812062550.0 | ||
| 007 | t| | ||
| 008 | 950801c1985 sp m| p | 1 ||pa d | ||
| 080 | _a(460) | ||
| 080 | _a7 | ||
| 245 | 0 | 0 |
_aFormas plásticas _b: revista de arte. |
| 260 |
_aMadrid : _bManuel Rodríguez Díaz, _c1985- |
||
| 300 |
_a4 v. ; _c29 cm. |
||
| 310 | _a10 n. al año | ||
| 362 | 0 | _aN. 1 (abr. 1985)- | |
| 500 | _aDescripción basada en : n. 21. | ||
| 650 | 1 | 7 |
_aArte _2embne _910068 |
| 655 | 7 |
_2tgfbne _9226866 _aRevistas |
|
| 852 |
_aES-MaACL _jHem-1849 |
||
| 866 | 0 | _o(1988)1989-1994. | |
| 942 |
_2udc _cPERIODICA |
||
| 999 |
_c888 _d888 |
||